000
00308nam a2200121Ia 4500
008
190216s9999||||xx |||||||||||||| ||und||
100
_a
Albert Paul Malvino
245
0
_a
Electronic Principles
260
_b
Tata Mcgraw Hill Publishing Company Ltd
_c
1996
300
_a
1018
650
_a
Physics
942
_c
BK
999
_c
34228
_d
34228